Empresa SAGA Arquitectos (2019-2020)
Presenta un informe de prácticas profesionales supervisadas muestra las actividades desarrolladas en la firma de diseño y desarrollo SAGA arquitectos, también describe las labores y proyectos realizados en los que las egresadas participaron.
| Main Authors: | , |
|---|---|
| Other Authors: | |
| Format: | Tesis Section = Libro |
| Language: | Undetermined Spanish |
| Published: |
Managua
UNI
2021
|
| Subjects: |
| LEADER | 01090nam a2200277Ia 4500 | ||
|---|---|---|---|
| 008 | 240830s9999 xx 000 0 und d | ||
| 040 | |a BIBLIOTECA-RUSB/ Mon 712.3 G984 | ||
| 041 | |a spa | ||
| 082 | |a Mon 712.3 G984 | ||
| 100 | 1 | |a Gutiérrez, Ashley Nahomy | |
| 100 | 1 | |b Salas Hudiel, Ethel Mayel | |
| 245 | 1 | 0 | |a Empresa SAGA Arquitectos (2019-2020) |
| 260 | |a Managua |b UNI |c 2021 | ||
| 300 | |a 180 p. :il. | ||
| 500 | |a Informe de Prácticas profesionales. Contiene: anexos y CD. | ||
| 502 | |a Tesis (Arquitecto) - UNI, 2021. | ||
| 520 | 3 | |a Presenta un informe de prácticas profesionales supervisadas muestra las actividades desarrolladas en la firma de diseño y desarrollo SAGA arquitectos, también describe las labores y proyectos realizados en los que las egresadas participaron. | |
| 650 | 7 | |a PLANIFICACION DE PROYECTOS | |
| 650 | 7 | |b CONSTRUCCION | |
| 650 | 7 | |c FORMACION PROFESIONAL | |
| 650 | 7 | |d EDIFICIOS- DISEÑO Y PLANOS | |
| 650 | 7 | |e PRACTICAS PROFESIONALES | |
| 700 | 1 | |a Tutor: |b Valdivia García, Jorge Pavel | |
| 942 | |c BK |2 ddc | ||
| 991 | |a TESIS | ||
| 999 | |c 21059 | ||